<?xml version="1.0" encoding="UTF-8"?>
<record
    xmlns:xsi="http://www.w3.org/2001/XMLSchema-instance"
    xsi:schemaLocation="http://www.loc.gov/MARC21/slim http://www.loc.gov/standards/marcxml/schema/MARC21slim.xsd"
    xmlns="http://www.loc.gov/MARC21/slim">

  <leader>03350nam a2200541Ia 4500</leader>
  <controlfield tag="001">151</controlfield>
  <controlfield tag="008">241029s9999    xx            000 0 und d</controlfield>
  <datafield tag="010" ind1=" " ind2=" ">
    <subfield code="a">131</subfield>
  </datafield>
  <datafield tag="041" ind1=" " ind2=" ">
    <subfield code="a">Espa&#xF1;ol</subfield>
  </datafield>
  <datafield tag="082" ind1=" " ind2=" ">
    <subfield code="a">NO APLICA</subfield>
  </datafield>
  <datafield tag="245" ind1=" " ind2="0">
    <subfield code="a">Evoluci&#xF3;n de la infraestructura de los Centros Educativos del Nivel B&#xE1;sico y su efecto en el desarrollo del aprendizaje de los estudiantes, Ciudad de San Juan de la Maguana, Per&#xED;odo 2000-2011</subfield>
  </datafield>
  <datafield tag="260" ind1=" " ind2=" ">
    <subfield code="a">San Juan</subfield>
  </datafield>
  <datafield tag="300" ind1=" " ind2=" ">
    <subfield code="a">115</subfield>
  </datafield>
  <datafield tag="520" ind1=" " ind2=" ">
    <subfield code="a">15</subfield>
  </datafield>
  <datafield tag="630" ind1=" " ind2=" ">
    <subfield code="a">Aprendizaje</subfield>
  </datafield>
  <datafield tag="630" ind1=" " ind2=" ">
    <subfield code="a">Estudiantes</subfield>
  </datafield>
  <datafield tag="650" ind1=" " ind2=" ">
    <subfield code="a">Educaci&#xF3;n</subfield>
  </datafield>
  <datafield tag="690" ind1=" " ind2=" ">
    <subfield code="a">Elaborado</subfield>
  </datafield>
  <datafield tag="700" ind1=" " ind2=" ">
    <subfield code="e">asesor</subfield>
    <subfield code="a">Viloria, Juan Francisco </subfield>
  </datafield>
  <datafield tag="700" ind1=" " ind2=" ">
    <subfield code="e">autor</subfield>
    <subfield code="a">B&#xE1;ez M&#xE9;ndez , Mercedes Lupina </subfield>
  </datafield>
  <datafield tag="700" ind1=" " ind2=" ">
    <subfield code="e">autor</subfield>
    <subfield code="a">Concepci&#xF3;n Turb&#xED;, Mar&#xED;a Rosario </subfield>
  </datafield>
  <datafield tag="901" ind1=" " ind2=" ">
    <subfield code="a">{"1":"B&#xE1;ez M&#xE9;ndez ","2":"Concepci&#xF3;n Turb&#xED;"}</subfield>
    <subfield code="b">{"1":"Mercedes Lupina ","2":"Mar&#xED;a Rosario "}</subfield>
  </datafield>
  <datafield tag="902" ind1=" " ind2=" ">
    <subfield code="a">1</subfield>
  </datafield>
  <datafield tag="903" ind1=" " ind2=" ">
    <subfield code="a">{"1":"Viloria"}</subfield>
    <subfield code="b">{"1":"Juan Francisco "}</subfield>
  </datafield>
  <datafield tag="904" ind1=" " ind2=" ">
    <subfield code="a">Maestr&#xED;a en</subfield>
  </datafield>
  <datafield tag="905" ind1=" " ind2=" ">
    <subfield code="a">Ciencias Sociales</subfield>
  </datafield>
  <datafield tag="906" ind1=" " ind2=" ">
    <subfield code="a">1</subfield>
  </datafield>
  <datafield tag="907" ind1=" " ind2=" ">
    <subfield code="a">Orientada en</subfield>
  </datafield>
  <datafield tag="908" ind1=" " ind2=" ">
    <subfield code="a">Investigaci&#xF3;n y Ense&#xF1;anza</subfield>
  </datafield>
  <datafield tag="909" ind1=" " ind2=" ">
    <subfield code="a">ISFODOSU, Recinto Urania Mont&#xE1;s</subfield>
  </datafield>
  <datafield tag="910" ind1=" " ind2=" ">
    <subfield code="a">NULL</subfield>
    <subfield code="b">NULL</subfield>
  </datafield>
  <datafield tag="911" ind1=" " ind2=" ">
    <subfield code="a">["1"]</subfield>
  </datafield>
  <datafield tag="912" ind1=" " ind2=" ">
    <subfield code="a">NO APLICA</subfield>
  </datafield>
  <datafield tag="913" ind1=" " ind2=" ">
    <subfield code="a">NULL</subfield>
  </datafield>
  <datafield tag="914" ind1=" " ind2=" ">
    <subfield code="a">09 de Junio de 2012</subfield>
  </datafield>
  <datafield tag="915" ind1=" " ind2=" ">
    <subfield code="a">07/07/15 11:07</subfield>
  </datafield>
  <datafield tag="916" ind1=" " ind2=" ">
    <subfield code="a">NULL</subfield>
  </datafield>
  <datafield tag="917" ind1=" " ind2=" ">
    <subfield code="a">NULL</subfield>
  </datafield>
  <datafield tag="918" ind1=" " ind2=" ">
    <subfield code="a">NO APLICA</subfield>
  </datafield>
  <datafield tag="919" ind1=" " ind2=" ">
    <subfield code="a">["18","96"]</subfield>
  </datafield>
  <datafield tag="520" ind1=" " ind2=" ">
    <subfield code="a">El objetivo principal de este estudio fue determinar la evoluci&#xF3;n de la infraestructura educativa del sector p&#xFA;blico en el Nivel B&#xE1;sico y su efecto en el desarrollo del aprendizaje de los estudiantes, de la ciudad de San Juan de la Maguana 2000-2011; como objetivos espec&#xED;ficos se encuentra describir el efecto causado en el desarrollo del aprendizaje de los estudiantes con las creaciones, ampliaciones y transformaciones de los centros educativos del nivel b&#xE1;sico, entre otros.Esta es una investigaci&#xF3;n de tipo exploratoria, con caracter&#xED;sticas descriptivas, en la que se utilizaron los m&#xE9;todos de deducci&#xF3;n, inducci&#xF3;n, an&#xE1;lisis, s&#xED;ntesis y comparaci&#xF3;n; como instrumentos de recolecci&#xF3;n de informaciones se emplearon el cuestionario,la entrevista y la observaci&#xF3;n; &#xA0;la poblaci&#xF3;n objeto de estudio corresponde a las escuelas b&#xE1;sicas &#xA0;de la ciudad de San Juan de la Maguana.Dentro de los hallazgos de este estudio se encuentran que las transformaciones hechas a las infraestructuras de los centros educativos ha repercutido positivamente en el rendimiento acad&#xE9;mico de la mayor&#xED;a de los estudiantes. &#xC9;stos muestran mayor poder de asimilaci&#xF3;n y su aprendizaje es m&#xE1;s evidente. La minor&#xED;a de los estudiantes no &#xA0;ha experimentado mucho cambio en el rendimiento, seg&#xFA;n las manifestaciones de los directores y docentes; la creaci&#xF3;n de nuevos pabellones en las escuelas produce un aumento en la cobertura escolar, sin embargo, no es suficiente para la demanda estudiantil de la &#xA0;poblaci&#xF3;n, que ha crecido considerablemente en los &#xFA;ltimos a&#xF1;os. Esta investigaci&#xF3;n recomienda la creaci&#xF3;n de nuevos pabellones que permitan la disminuci&#xF3;n de la cantidad de estudiantes por aula para un mejor aprovechamiento de la ense&#xF1;anza-aprendizaje.Para visualizar este estudio en su totalidad haga click aqu&#xED;</subfield>
  </datafield>
  <datafield tag="921" ind1=" " ind2=" ">
    <subfield code="a">24</subfield>
  </datafield>
  <datafield tag="922" ind1=" " ind2=" ">
    <subfield code="a">24</subfield>
  </datafield>
  <datafield tag="923" ind1=" " ind2=" ">
    <subfield code="a">0</subfield>
  </datafield>
  <datafield tag="924" ind1=" " ind2=" ">
    <subfield code="a">NO APLICA</subfield>
  </datafield>
  <datafield tag="942" ind1=" " ind2=" ">
    <subfield code="c">Tesis</subfield>
  </datafield>
  <datafield tag="999" ind1=" " ind2=" ">
    <subfield code="c">131</subfield>
    <subfield code="d">131</subfield>
  </datafield>
</record>
